Tilastot visalle Kaupungit maittain #6

Klikkaa tästä pelataksesi tätä visaa!

Yleistilastot

  • Tätä visaa on pelattu 644 kertaa
  • Keskiarvotulos 14 / 27

Vastaustilastot

KaupunkiValtio% Oikein
Xi'anKiina
90%
WrocławPuola
86%
KaliningradVenäjä
86%
NikosiaKypros
83%
MilwaukeeYhdysvallat
82%
NasaretIsrael
80%
KathmanduNepal
76%
NuukTanska
76%
Hội AnVietnam
74%
BruggeBelgia
71%
MogadishuSomalia
70%
CasablancaMarokko
69%
NaganoJapani
67%
LuzernSveitsi
51%
InvernessYhdistynyt kuningaskunta
47%
TimbuktuMali
45%
RosarioArgentiina
33%
Trois-RivièresKanada
30%
BatmanTurkki
30%
Cabo San LucasMeksiko
26%
Quezon CityFilippiinit
24%
ArbilIrak
24%
PapeeteRanska
23%
RotoruaUusi-Seelanti
23%
SharjaYhdistyneet arabiemiirikunnat
23%
MandalayMyanmar
21%
QuettaPakistan
18%

Tulosjakauma

Persentiili vastausten määrän mukaan

Jokaisen tuloksen saaneiden osuus

Tuloshistoriasi

Et ole pelannut tätä visaa